000 00592nam a22001817a 4500
005 20251108164316.0
008 250721s1992 xx 000 0 ara d
082 1 4 _a799.1/محم
100 1 _aحسنين، محمد
245 1 0 _aصيد السمك للهواة و المحترفين :
_bرياضة الذكاء و الصبر /
264 1 _aالقاهره :
_bمكتبة إبن سينا للنشر و التوزيع،
_c1992.
300 _a144ص
650 1 7 _aالصيد
650 1 7 _aصيد الأسماك
650 1 7 _aألعاب المبارزة
942 _2ddc
_cBK
999 _c8978
_d8978